In the dark cave / by Richard Watson ; illustrated by Dean Norman.
A cave cricket, a cave rat, and a bat live contentedly in the dark until suddenly one day an explorer appears, bringing with him a beam of light.
Record details
- ISBN: 9781595720382 (pbk.)
- ISBN: 1595720383
- Physical Description: 1 v. (unpaged) : illustrations ; 28 cm.
- Publisher: New York : Star Bright Books, c2005.
Search for related items by subject
| Subject: | Cave animals > Fiction. Caves > Fiction. Stories in rhyme. |
| LDR | 01052cam a2200301 a 4500 | ||
|---|---|---|---|
| 001 | 128479 | ||
| 003 | CONS | ||
| 005 | 20140703073304.0 | ||
| 008 | 050504s2005 nyua b 000 1 eng | ||
| 010 | . | ‡a 2005012908 | |
| 020 | . | ‡a9781595720382 (pbk.) | |
| 020 | . | ‡a1595720383 | |
| 035 | . | ‡a(CPomAG)LMN497560 | |
| 042 | . | ‡alcac | |
| 050 | 0 | 0. | ‡aPZ8.3.W3436 ‡bInat 2005 |
| 082 | 0 | 0. | ‡a[E] ‡222 |
| 100 | 1 | . | ‡aWatson, Richard A., ‡d1931- |
| 245 | 1 | 0. | ‡aIn the dark cave / ‡cby Richard Watson ; illustrated by Dean Norman. |
| 260 | . | ‡aNew York : ‡bStar Bright Books, ‡cc2005. | |
| 300 | . | ‡a1 v. (unpaged) : ‡billustrations ; ‡c28 cm. | |
| 520 | . | ‡aA cave cricket, a cave rat, and a bat live contentedly in the dark until suddenly one day an explorer appears, bringing with him a beam of light. | |
| 650 | 1. | ‡aCave animals ‡vFiction. | |
| 650 | 1. | ‡aCaves ‡vFiction. | |
| 650 | 1. | ‡aStories in rhyme. | |
| 700 | 1 | . | ‡aNorman, Dean. |
| 914 | . | ‡aScp_ds | |
| 959 | . | ‡i32269000751274 ‡lE Wat ‡aJuvenile - Easy ‡tEasy ‡g16.00 | |
| 852 | . | ‡p32269000751274 ‡jE Wat ‡gJuvenile - Easy ‡cEasy ‡y16.00 ‡bSBPL | |
| 901 | . | ‡a128479 ‡bUnknown ‡c128479 ‡tbiblio | |